21st. century manager : meeting the challenges and opportunities of the new corporate age

Bibliographic Details
Main Author: Gardiner, Gareth S
Format: Book
Published: Petaling Jaya : Advantage Quest Sdn. Bhd. , 1996
Subjects:

MARC

LEADER 00000cam a2200000 7i4500
001 0000018267
002 000019889
005 20000330.0
020 |a 9839214314 
090 0 0 |a 658.402   |b GAR 
100 1 |a Gardiner, Gareth S 
245 1 0 |a 21st. century manager :   |b meeting the challenges and opportunities of the new corporate age   |c Gareth S. Gardiner 
260 |a Petaling Jaya :   |b Advantage Quest Sdn. Bhd. ,   |c 1996 
300 |a 208 p. ;   |c 23 cm. 
650 0 0 |a Executives   |x Personnel Management 
650 0 0 |a Management science 
999 |a 00095290   |b BUKU   |c PINJAMAN   |e PERPUSTAKAAN KOMUNITI PETALING JAYA 
999 |a 00095291   |b BUKU   |c PINJAMAN   |e PERPUSTAKAAN KOMUNITI PETALING JAYA